MARC

Tag First Indicator Second Indicator Subfields
LEADER 00000nam a2200000 i 4500
001 in00004769737
003 OCoLC
005 20211119090913.4
006 m o d
007 cr cnu---unuuu
008 210510s2021 nyua ob 001 0 eng
010 |a  2021019867 
024 8 |a 99995492007 
040 |a DLC  |b eng  |e rda  |c DLC  |d OCLCO  |d OCLCF  |d GO4  |d YDX 
020 |a 9780593230589  |q electronic book 
020 |a 0593230582  |q electronic book 
020 |z 9780593230572  |q hardcover 
035 |a (OCoLC)1250436937 
042 |a pcc 
043 |a n-us--- 
050 4 |a E441  |b .A15 2021 
082 0 0 |a 973  |2 23 
245 0 4 |a The 1619 Project :  |b a new origin story /  |c edited by Nikole Hannah-Jones, Caitlin Roper, Ilena Silverman, and Jake Silverstein. 
246 3 |a Sixteen hundred nineteen Project. 
264 1 |a New York :  |b One World,  |c [2021] 
300 |a 1 online resource ( 1 volume) :  |b illustrations. 
336 |a text  |b txt  |2 rdacontent 
337 |a computer  |b c  |2 rdamedia 
338 |a online resource  |b cr  |2 rdacarrier 
500 |a "Created by Nikole Hannah-Jones, winner of the Pulitzer Prize, & The New York Times magazine"--Cover. 
504 |a Includes bibliographical references and index. 
588 |a Description based on online resource; title from digital title page (viewed on November 19, 2021). 
610 2 0 |a 1619 Project. 
650 0 |a Slavery  |x Political aspects  |z United States  |x History. 
650 0 |a African Americans  |x History. 
651 0 |a United States  |x Race relations. 
651 0 |a United States  |x Civilization. 
650 7 |a African Americans.  |2 fast  |0 (OCoLC)fst00799558 
650 7 |a Civilization.  |2 fast  |0 (OCoLC)fst00862898 
650 7 |a Race relations.  |2 fast  |0 (OCoLC)fst01086509 
650 7 |a Slavery  |x Political aspects.  |2 fast  |0 (OCoLC)fst01120480 
651 7 |a United States.  |2 fast  |0 (OCoLC)fst01204155 
655 7 |a Electronic books.  |2 local 
700 1 |a Hannah-Jones, Nikole,  |e creator,  |e editor. 
700 1 |a Roper, Caitlin,  |e editor. 
700 1 |a Silverman, Ilena  |c (Editor),  |e editor. 
700 1 |a Silverstein, Jake,  |e editor. 
710 2 |a EBSCOhost 
776 1 8 |i Print version:  |t 1619 Project  |b First edition.  |d New York : One World, [2021]  |z 9780593230572  |w (DLC) 2021019866 
856 4 0 |u http://proxy.library.tamu.edu/login?url=https://search.ebscohost.com/login.aspx?direct=true&scope=site&db=nlebk&db=nlabk&AN=2766493  |z Connect to the full text of this electronic book  |t 0 
945 |b 951360 
955 |a YBP purchased EBSCO DDA e-records 
980 |b ebook  |c 99995492007  |f UPGRADE  |g 565702  |k USD  |m 83.60  |q 1  |s AcqMono Conventional  |t Demand driven acquisitions (DDA)  |u Vendor order reference number  |v ZYBP  |y PDA  |z Electronic resource 
999 f f |i c6bfe0ee-740b-4fbc-85da-c8be9b9b4cc8  |s 2c2ef961-2299-4422-bbf0-3d9467d999aa  |t 0 
952 f f |a Texas A&M University  |b College Station  |c Electronic Resources  |s www_evans  |d Available Online  |t 0  |e E441 .A15 2021  |h Library of Congress classification